• 首页
  • 本馆介绍
  • 公告通知
  • 最新文献
  • 馆藏检索
  • 电子资源
  • 读者导购
  • 参考咨询
  • 我的图书馆
  • 登录
  • 详细信息显示
  • 放入我的书架
  • 预约/预借图书
  • 作者相关作品
  • 分类相关作品
  • 丛书相关作品
  • 出版社相关作品

书目信息

  • 表格格式
  • 工作单格式
  • 卡片格式
题名:
电脑培训一本通标准教程
    
 
作者: ;李飞创作工作室 编著
分册:  
出版信息: 成都   电子科技大学出版社  2006.03
页数: 252页
开本: 26cm
丛书名:
单 册:
中图分类: TP3-44 , TP3-43
科图分类:
主题词: 电子计算机--技术教育--教材 , 电子计算机
电子资源:
ISBN: 7-81094-741-9
000 00949nam0 2200253 450
001 003202416
005 20060911172751.0
010    @a7-81094-741-9@dCNY20.00
100    @a20100913d2006 em y0chiy0110 ea
101 0  @achi
102    @aCN@b510000
105    @ay z 000yy
200 1  @a电脑培训一本通标准教程@Adian nao pei xun yi ben tong biao zhun jiao cheng@e2006@f李飞创作工作室编著
210    @a成都@c电子科技大学出版社@d2006.03
215    @a252页@d26cm
300    @a根据国家人事部/劳动部《社会紧缺人才技能培训指导大纲》编写
330    @a本教材内容包括电脑基础知识、中文Windows 98/2000XP的使用、五笔字型输入法、中文Word 2000/2002的使用、中文Excel 2000/2002/2003的使用等,每章后附有思考练习计上机操作。
606 0  @a电子计算机@x技术教育@j教材
606 0  @a电子计算机
690    @aTP3-44@v5
690    @aTP3-43@v4
711 02 @a李飞创作工作室@Ali fei chuang zuo gong zuo shi@4编著
905    @aBZT@dTP3-43@e19
906    @dCNY20.00@n0@r1
    
    电脑培训一本通标准教程:2006/李飞创作工作室编著.-成都:电子科技大学出版社,2006.03
    252页;26cm
    根据国家人事部/劳动部《社会紧缺人才技能培训指导大纲》编写
    
    ISBN 7-81094-741-9:CNY20.00
    本教材内容包括电脑基础知识、中文Windows 98/2000XP的使用、五笔字型输入法、中文Word 2000/2002的使用、中文Excel 2000/2002/2003的使用等,每章后附有思考练习计上机操作。
●
相关链接 在五车中查询图书 在当当中查询图书 在豆瓣中查询图书


正题名:电脑培训一本通标准教程     索取号:TP3-43/19         预约/预借

序号 登录号 条形码 馆藏地/架位号 状态 备注
1 761008   2000761008   中心书库中库/ 中库028架B面6列4层21/ [索取号:TP3-43/19] 在馆    
2 761009   2000761009   中心书库中库/ 中库028架B面6列4层1/ [索取号:TP3-43/19] 在馆    
3 761010   2000761010   中心书库中库/ 中库028架B面6列4层2/ [索取号:TP3-43/19] 在馆    
4 761011   2000761011   中心书库中库/ 中库028架B面6列4层4/ [索取号:TP3-43/19] 在馆    
5 761012   2000761012   中心书库中库/ 中库028架B面6列4层5/ [索取号:TP3-43/19] 在馆    
6 761013   2000761013   中心书库中库/ 中库028架B面6列4层20/ [索取号:TP3-43/19] 在馆    
7 761014   2000761014   中心书库中库/ 中库028架B面6列4层19/ [索取号:TP3-43/19] 在馆    
8 761015   2000761015   中心书库中库/ 中库028架B面6列4层18/ [索取号:TP3-43/19] 在馆    
9 761016   2000761016   中心书库中库/ 中库028架B面6列4层16/ [索取号:TP3-43/19] 在馆    
10 761017   2000761017   中心书库中库/ 中库028架B面6列4层17/ [索取号:TP3-43/19] 在馆    
山东省滨州职业学院图书馆 欢迎您!
大连网信软件有限公司© 版权所有